| 000 | 00545nam a22001817a 4500 | ||
|---|---|---|---|
| 999 |
_c524745 _d524745 |
||
| 003 | NUST | ||
| 038 | _aFaiza | ||
| 082 |
_a320.082 _bLAT |
||
| 100 |
_aLateef, Muhammad _915539 |
||
| 245 |
_aSanf nazuk ki Hakmiat / _cMuhammad Lateef |
||
| 260 |
_aRawalpindi : _bUmer Farooq Lateef, _c1998. |
||
| 300 | _a162 p. ; | ||
| 500 | _aReference. | ||
| 880 |
_6100-01\r _aمحمد لطیف |
||
| 880 |
_6245-02\r _aصنف نازک کی حاکمیت / |
||
| 880 |
_6260-03\r _aراولپنڈی : _bعمرفاروق لطیف, _c۱۹۹۸. |
||
| 942 |
_2ddc _cBK |
||